000 00253nam a22001217a 4500
008 181207b xxu||||| |||| 00| 0 eng d
041 _aeng
080 _a710
100 _a45
101 _aART
245 _aNatchez Homes
_cJpseph.H
942 _2udc
_cBK
999 _c53087
_d53087